000 00700nam a2200217 i 4500
001 bg
100 1 _aMACHCZYŃSKI, Wojciech
245 1 0 _aWprowadzenie do kompatybilności elektromagnetycznej /
_cWojciech Machczyński.
260 _aPoznań :
_bWydaw. Politechniki Poznańskiej,
_c2004.
300 _a199, [1] s. :
_bil., fot., tab., wykr. ;
_c24 cm.
504 _aBibliogr. przy rozdz., polskie normy s. 167-178.
650 9 _aKompatybilność elektromagnetyczna
655 _aPodręczniki akademickie
020 _a8371434871
040 _cBPK
041 0 _apol
080 _a621.31:537.8](075.8)
920 _a83-7143-487-1
942 _cKS
008 s pl f |000 0 pol
999 _c45644
_d45644
856 _uhttp://koha.tu.koszalin.pl/cgi-bin/koha/opac-detail.pl?biblionumber=45644
_yKatalog online BPK